Statystyki dla Najczęściej uprawiane owoce na świecie

Kliknij tutaj aby rozwiązać quiz!

Ogólne statystyki

  • Ten quiz został rozwiązany 302 razy
  • Średni wynik to 9 z 16

Statystyki odpowiedzi

TonyOwoc% Poprawnych
89,3 milionówJabłka
96%
113 milionówBanany
87%
9,12 milionówTruskawki
85%
73,2 milionówPomarańcze
83%
27,3 milionówGruszki
78%
32,8 milionówMandarynki
69%
77,4 milionówWinogrona
65%
117 milionówArbuzy
64%
17,3 milionówCytryny/Limonki
61%
12,1 milionówŚliwki
58%
25,0 milionówBrzoskwinie
50%
25,8 milionówAnanasy
47%
31,2 milionówMelony/Kantalupy
31%
9,07 milionówGrejpfruty
17%
46,5 milionówManga
17%
13,1 milionówPapaje
14%

Rozkład punktacji

Percentyl według liczby udzielonych odpowiedzi

Procent ludzi z każdym wynikiem

Twoja historia wyników

Nie rozwiązałeś tego quizu